Keltische Nationen - Statistiken

Allgemein
  • Dieses Quiz wurde 7.129 mal gespielt
  • Das Durchschnittsergebnis liegt bei 4 aus 6
Antwortstatistiken
Keltischer Name Deutscher Name % Korrekt
Éire Irland
96%
Alba Schottland
88%
Cymru Wales
85%
Breizh Bretagne
40%
Mannin Isle of Man
28%
Kernow Cornwall
22%
Keine übereinstimmenden Quizze gefunden
Verteilung der Resultate
Anzahl Personen mit jedem Resultat
Perzentil nach korrekt beantworteten Fragen
Ihre Resultats-Entwicklung
Sie haben dieses Quiz noch nicht gespielt